| 000 | 01400cad a22002295a 4500 | ||
|---|---|---|---|
| 001 | E151584 | ||
| 008 | 101122s2007 xxkad f s 000 0 eng d | ||
| 035 | _a(Sirsi) u151584 | ||
| 041 | 0 | _aeng | |
| 050 | 0 | 4 | _a333.33 $2 18 |
| 110 | 2 |
_aRoyal Institution of Chartered Surveyors _94900 |
|
| 245 | 0 | 0 |
_aRICS global property survey _bissue 6 _h[electronic resource] |
| 260 |
_aLondon _bRICS _c2007 |
||
| 490 | 0 |
_aRICS Global Property Survey _v(6) 2007 |
|
| 520 | _aThis issue of the RICS Global Property Survey suggests that investment demand for commercial real estate is expected to stagnate in developed markets due to the global credit crunch. In contrast, investment into emerging markets is projected to continue to rise. Tenant demand for commercial property is projected to rise at a faster pace into 2008 across all world regions outside North America, boosting rents further. Emerging markets are expected to see the largest rises most notably in Asia. Capital values to be hardest hit in the US, particularly New York and Chicago as they feel the impact of the credit turmoil. | ||
| 590 | _aKA | ||
| 650 | 2 | 4 | _aRICS GLOBAL PROPERTY SURVEY |
| 651 | 4 | _aInternational | |
| 690 | _aPROPERTY-COMMERCIAL PROPERTY-COMMERCIAL PROPERTY MARKET | ||
| 856 | 4 | 0 |
_uhttps://www.rics.org/site/download_feed.aspx?fileID=1480&fileExtension=PDF _zView the survey free of charge at www.rics.org |
| 942 | _n0 | ||
| 999 |
_c111458 _d111458 |
||